[Event "MNT Team Cup"]
[Site "Herceg Novi"]
[Date "2022.05.20"]
[Round "1.1"]
[White "Musovic, Armin"]
[Black "Draskovic, Davor"]
[Result "1-0"]
[WhiteElo "2285"]
[BlackElo "2034"]
[PlyCount "57"]
[EventDate "2022.05.20"]
[EventType "swiss"]
[EventRounds "5"]
[EventCountry "MNE"]
[SourceTitle "CBM 208 Extra"]
[Source "ChessBase"]
[SourceDate "2022.07.31"]
[SourceVersion "1"]
[SourceVersionDate "2022.07.31"]
[SourceQuality "1"]

1. e4 e5 2. Nc3 Nf6 3. f4 d5 4. exd5 Nxd5 5. Qf3 Nb4 6. Bb5+ c6 7. Ba4 exf4 8. Nge2 Be7 9. a3 N4a6 10. d4 0-0 11. Bxf4 Be6 12. 0-0 Nd7 13. Rad1 Nb6 14. Bb3 Bxb3 15. cxb3 Nc7 16. Ng3 Ncd5 17. Bc1 Bg5 18. Nce4 Bxc1 19. Rxc1 Ne7 20. Kh1 Qd5 21. Nh5 f5 22. Qg3 Qf7 23. Nhf6+ Kh8 24. Nxh7 Qh5 25. Nxf8 fxe4 26. Rf4 Kg8 27. Ne6 Qh6 28. Nxg7 Ng6 29. Nf5 1-0

[Event "Budva GM Mix"]
[Site "Budva"]
[Date "2021.05.11"]
[Round "1"]
[White "Draskovic, Davor"]
[Black "Runic, Zoran"]
[Result "1/2-1/2"]
[WhiteElo "2016"]
[BlackElo "2376"]
[PlyCount "124"]
[EventDate "2021.05.11"]
[EventType "swiss"]
[EventRounds "9"]
[EventCountry "MNE"]
[SourceTitle "CBM 202 Extra"]
[Source "ChessBase"]
[SourceDate "2021.07.31"]
[SourceVersion "1"]
[SourceVersionDate "2021.07.31"]
[SourceQuality "1"]

1. e4 d6 2. d4 Nf6 3. Nc3 e5 4. dxe5 dxe5 5. Qxd8+ Kxd8 6. Bc4 Be6 7. Bxe6 fxe6 8. Be3 Bd6 9. f3 Nc6 10. 0-0-0 h6 11. Nb5 Ke7 12. c4 a6 13. Nxd6 cxd6 14. Ne2 b5 15. cxb5 axb5 16. Kb1 b4 17. Rd2 Ra6 18. Rhd1 Rd8 19. Nc1 Ne8 20. Nd3 Rda8 21. b3 Nc7 22. Nc5 dxc5 23. Rd7+ Kf6 24. Rxc7 Rxa2 25. Rdd7 Ra1+ 26. Kc2 R8a2+ 27. Kd3 Rd1+ 28. Kc4 Rc2+ 29. Kb5 Rxd7 30. Rxd7 Nd4+ 31. Bxd4 exd4 32. f4 g5 33. g3 Rc3 34. Rd6 Ke7 35. e5 gxf4 36. gxf4 d3 37. Ka4 h5 38. h4 Kf7 39. Kb5 Ke7 40. Ka4 Kf7 41. Kb5 Rxb3 42. Kxc5 Rb1 43. Rxd3 b3 44. Kd6 b2 45. Rd2 Rf1 46. Rxb2 Rxf4 47. Rb7+ Kg6 48. Kxe6 Rxh4 49. Rb8 Rh1 50. Rg8+ Kh7 51. Rg5 Kh6 52. Rf5 Kg6 53. Rf6+ Kg5 54. Kf7 h4 55. e6 Re1 56. e7 h3 57. Rg6+ Kf4 58. e8Q Rxe8 59. Kxe8 h2 60. Rh6 Kg3 61. Kf7 Kg2 62. Rxh2+ Kxh2 1/2-1/2

[Event "MNT-chT"]
[Site "Podgorica"]
[Date "2020.10.13"]
[Round "7.2"]
[White "Batricevic, Jovo"]
[Black "Draskovic, Davor"]
[Result "1-0"]
[WhiteElo "2143"]
[BlackElo "2020"]
[PlyCount "67"]
[EventDate "2020.10.09"]
[EventType "team-tourn"]
[EventRounds "9"]
[EventCountry "MNE"]
[SourceTitle "CBM 198 Extra"]
[Source "ChessBase"]
[SourceDate "2020.11.30"]
[SourceVersion "1"]
[SourceVersionDate "2020.11.30"]
[SourceQuality "1"]
[WhiteTeam "Crnogorac"]
[BlackTeam "Mimoza"]
[WhiteTeamCountry "MNE"]
[BlackTeamCountry "MNE"]

1. d4 Nf6 2. Nc3 d5 3. Bf4 g6 4. h4 Bg7 5. e3 0-0 6. h5 Nxh5 7. Rxh5 gxh5 8. Qxh5 c6 9. Bd3 f5 10. Nf3 Qe8 11. Qh2 Nd7 12. 0-0-0 Nf6 13. Rh1 h5 14. Ne5 Be6 15. Qg3 Kh8 16. Ng6+ Kh7 17. Nxf8+ Bxf8 18. f3 Qg6 19. Qh2 Bh6 20. g4 Rg8 21. Ne2 Rg7 22. Ng3 Bxf4 23. exf4 Kg8 24. Nxf5 Bxf5 25. Bxf5 Qf7 26. Qe2 Kf8 27. Kb1 hxg4 28. fxg4 Qg8 29. g5 Ne8 30. a3 Nc7 31. Rh6 e6 32. Bxe6 Re7 33. Rf6+ Ke8 34. Qh5+ 1-0

[Event "MNT-chT"]
[Site "Podgorica"]
[Date "2020.10.10"]
[Round "3.4"]
[White "Maljevic, Miloje"]
[Black "Draskovic, Davor"]
[Result "1/2-1/2"]
[WhiteElo "2011"]
[BlackElo "2020"]
[PlyCount "20"]
[EventDate "2020.10.09"]
[EventType "team-tourn"]
[EventRounds "9"]
[EventCountry "MNE"]
[SourceTitle "CBM 198 Extra"]
[Source "ChessBase"]
[SourceDate "2020.11.30"]
[SourceVersion "1"]
[SourceVersionDate "2020.11.30"]
[SourceQuality "1"]
[WhiteTeam "Rokada"]
[BlackTeam "Mimoza"]
[WhiteTeamCountry "MNE"]
[BlackTeamCountry "MNE"]

1. c4 Nf6 2. Nc3 g6 3. d4 Bg7 4. Nf3 0-0 5. g3 d6 6. Bg2 Nc6 7. 0-0 e5 8. b3 exd4 9. Nxd4 Nxd4 10. Qxd4 Ne4 1/2-1/2

[Event "MNT Team Cup"]
[Site "Herceg Novi"]
[Date "2020.06.26"]
[Round "3.4"]
[White "Draskovic, Davor"]
[Black "Krstonijevic, Stjepan"]
[Result "1/2-1/2"]
[WhiteElo "2028"]
[BlackElo "2101"]
[PlyCount "23"]
[EventDate "2020.06.25"]
[EventType "team-swiss"]
[EventRounds "5"]
[EventCountry "MNE"]
[SourceTitle "EXT 2021"]
[Source "ChessBase"]
[SourceDate "2020.10.23"]
[SourceVersion "1"]
[SourceVersionDate "2020.10.23"]
[SourceQuality "1"]
[WhiteTeam "Mimoza"]
[BlackTeam "Rudar"]
[WhiteTeamCountry "MNE"]
[BlackTeamCountry "MNE"]

1. Nf3 Nf6 2. c4 e6 3. g3 d5 4. Bg2 d4 5. 0-0 Nc6 6. e3 Bc5 7. a3 a5 8. b3 0-0 9. Bb2 e5 10. exd4 exd4 11. d3 Re8 12. Bc1 1/2-1/2

[Event "MNT-chT 1st League"]
[Site "Podgorica"]
[Date "2019.07.22"]
[Round "3.5"]
[White "Milovic, Jovan"]
[Black "Draskovic, Davor"]
[Result "1/2-1/2"]
[WhiteElo "2260"]
[BlackElo "2055"]
[PlyCount "139"]
[EventDate "2019.07.20"]
[EventType "team-tourn"]
[EventRounds "9"]
[EventCountry "MNE"]
[SourceTitle "EXT 2020"]
[Source "ChessBase"]
[SourceDate "2019.10.17"]
[SourceVersion "1"]
[SourceVersionDate "2019.10.17"]
[SourceQuality "1"]
[WhiteTeam "Elektroprivreda"]
[BlackTeam "Mimoza"]
[WhiteTeamCountry "MNE"]
[BlackTeamCountry "MNE"]

1. a3 d5 2. e4 c6 3. Nc3 Nf6 4. d3 dxe4 5. Bg5 Bg4 6. Qd2 exd3 7. Bxd3 e6 8. Nge2 Be7 9. 0-0-0 Qa5 10. f3 Bf5 11. Bxf5 Qxf5 12. Ne4 0-0 13. N2g3 Qg6 14. Bxf6 Bxf6 15. h4 Be5 16. f4 Bc7 17. h5 Qg4 18. Ne2 Na6 19. h6 Rfd8 20. Qe3 Bb6 21. Qc3 Rxd1+ 22. Rxd1 Rd8 23. hxg7 Rxd1+ 24. Kxd1 Qxg2 25. Nf6+ Kxg7 26. Ng4+ Kf8 27. Qh8+ Ke7 28. Qf6+ Kd6 29. Ne5 Qd5+ 30. Ke1 Nc5 31. Nxf7+ Kc7 32. Qe5+ Qxe5 33. fxe5 Kd7 34. Nf4 Bc7 35. b4 Ne4 36. Ke2 Ke7 37. Ke3 Kxf7 38. Kxe4 Bd8 39. a4 Bg5 40. Nd3 h5 41. Nc5 b5 42. a5 Bd2 43. Na6 h4 44. Kf3 c5 45. Nc7 Bxb4 46. a6 c4 47. Nxb5 Bc5 48. Kg4 Ke7 49. Nc3 Bd4 50. Nb5 Bc5 51. Nc3 Kd7 52. Ne2 Bf2 53. Kf3 Bg3 54. Nxg3 hxg3 55. Kxg3 Kc6 56. Kf4 Kc5 57. Kg5 Kd5 58. Kf6 c3 59. Ke7 Kxe5 60. Kd7 Kf5 61. Kc6 e5 62. Kb7 e4 63. Kxa7 e3 64. Kb6 e2 65. a7 e1Q 66. a8Q Qb1+ 67. Kc5 Qxc2 68. Qf3+ Ke6 69. Qe3+ Kf6 70. Kc4 1/2-1/2

[Event "MNT-chT 1st League"]
[Site "Podgorica"]
[Date "2019.07.21"]
[Round "2.5"]
[White "Draskovic, Davor"]
[Black "Vih, Antun"]
[Result "0-1"]
[WhiteElo "2055"]
[BlackElo "2114"]
[PlyCount "114"]
[EventDate "2019.07.20"]
[EventType "team-tourn"]
[EventRounds "9"]
[EventCountry "MNE"]
[SourceTitle "EXT 2020"]
[Source "ChessBase"]
[SourceDate "2019.10.17"]
[SourceVersion "1"]
[SourceVersionDate "2019.10.17"]
[SourceQuality "1"]
[WhiteTeam "Mimoza"]
[BlackTeam "Kotor"]
[WhiteTeamCountry "MNE"]
[BlackTeamCountry "MNE"]

1. e4 c5 2. Nf3 e6 3. d4 cxd4 4. Nxd4 Nc6 5. Nc3 Qc7 6. Be3 a6 7. Qf3 b5 8. Qg3 Qxg3 9. hxg3 Bb7 10. f3 Nf6 11. g4 d6 12. Nxc6 Bxc6 13. 0-0-0 Be7 14. a3 Nd7 15. Be2 f6 16. Bf4 Ne5 17. Bg3 g5 18. f4 gxf4 19. Bxf4 0-0-0 20. Rh5 Rdg8 21. Rdh1 Rg7 22. g5 Be8 23. gxf6 Bxf6 24. Rh6 Bg6 25. a4 bxa4 26. Bxa6+ Kc7 27. Be2 Rb8 28. Rd1 Kd7 29. g4 Nf7 30. e5 Bxe5 31. Bxe5 Nxe5 32. Nxa4 Ke7 33. Nc3 Rf7 34. Rh2 Rf4 35. g5 Rfb4 36. b3 Rc8 37. Kb2 Rb6 38. Rd2 Rbc6 39. Rh3 Rc5 40. Bd1 Nf7 41. Na4 Rxg5 42. c4 Bf5 43. Re3 Rcg8 44. c5 dxc5 45. Nxc5 Rg2 46. Ree2 Rxe2 47. Rxe2 Bg4 48. Rg2 h5 49. Bxg4 hxg4 50. Re2 Ng5 51. Ne4 Nxe4 52. Rxe4 g3 53. Re1 g2 54. Rg1 Kf6 55. Kc2 Kf5 56. Kd2 Kf4 57. Ke2 Kg3 0-1

[Event "Belgrade Trophy 32nd"]
[Site "Belgrade"]
[Date "2018.12.02"]
[Round "9"]
[White "Draskovic, Davor"]
[Black "Radojicic, Aleksandar M"]
[Result "1/2-1/2"]
[WhiteElo "2053"]
[BlackElo "1814"]
[PlyCount "45"]
[EventDate "2018.11.24"]
[EventType "swiss"]
[EventRounds "9"]
[EventCountry "SRB"]
[SourceTitle "CBM 187 Extra"]
[Source "ChessBase"]
[SourceDate "2018.11.04"]
[SourceVersion "1"]
[SourceVersionDate "2018.11.04"]
[SourceQuality "1"]

1. e4 c5 2. Nf3 a6 3. c4 Nc6 4. d4 cxd4 5. Nxd4 e5 6. Nf5 d5 7. cxd5 Bxf5 8. exf5 Nd4 9. Nc3 Nf6 10. Bg5 Be7 11. Bxf6 Bxf6 12. Bd3 0-0 13. 0-0 g6 14. fxg6 hxg6 15. Qg4 Kg7 16. Rfe1 Rh8 17. Rad1 Rh4 18. Qg3 Rh5 19. Re4 Bh4 20. Qe3 Bg5 21. Qg3 Bh4 22. Qe3 Bg5 23. Qg3 1/2-1/2

[Event "Belgrade Trophy 32nd"]
[Site "Belgrade"]
[Date "2018.11.29"]
[Round "6"]
[White "Trajkovic, Nada"]
[Black "Draskovic, Davor"]
[Result "0-1"]
[WhiteElo "1825"]
[BlackElo "2053"]
[PlyCount "76"]
[EventDate "2018.11.24"]
[EventType "swiss"]
[EventRounds "9"]
[EventCountry "SRB"]
[SourceTitle "CBM 187 Extra"]
[Source "ChessBase"]
[SourceDate "2018.11.04"]
[SourceVersion "1"]
[SourceVersionDate "2018.11.04"]
[SourceQuality "1"]

1. e4 c5 2. d4 cxd4 3. c3 dxc3 4. Nxc3 Nc6 5. Bc4 e6 6. Nf3 a6 7. 0-0 Nge7 8. Bf4 Ng6 9. Bg3 Be7 10. Re1 0-0 11. Rc1 b5 12. Bb3 Bb7 13. Nd5 exd5 14. exd5 Bb4 15. Re4 Be7 16. dxc6 dxc6 17. Rd4 Qb6 18. Qe2 c5 19. Rd7 c4 20. Bc2 Bf6 21. Rcd1 Rfe8 22. Qd2 Rad8 23. Qc1 Qc6 24. R7d6 Rxd6 25. Rxd6 Qc5 26. Qd2 h5 27. Bxg6 fxg6 28. h3 Bxf3 29. gxf3 Qf5 30. Kg2 Re6 31. Rd5 Qb1 32. Rc5 Re1 33. Bh2 Rh1 34. Qe2 Qe1 35. Qc2 h4 36. f4 Qf1+ 37. Kf3 Rxh2 38. Qxg6 Qxf2+ 0-1

[Event "Belgrade Trophy 32nd"]
[Site "Belgrade"]
[Date "2018.11.26"]
[Round "3"]
[White "Draskovic, Davor"]
[Black "Olcum, Ahmet"]
[Result "0-1"]
[WhiteElo "2053"]
[BlackElo "2326"]
[PlyCount "52"]
[EventDate "2018.11.24"]
[EventType "swiss"]
[EventRounds "9"]
[EventCountry "SRB"]
[SourceTitle "CBM 187 Extra"]
[Source "ChessBase"]
[SourceDate "2018.11.04"]
[SourceVersion "1"]
[SourceVersionDate "2018.11.04"]
[SourceQuality "1"]

1. e4 d6 2. d4 Nf6 3. Nc3 Nbd7 4. Nf3 e5 5. Bc4 Be7 6. a4 c6 7. 0-0 Qc7 8. Re1 h6 9. h3 Nf8 10. Nh4 g6 11. Nf3 g5 12. b3 Ng6 13. Ba3 g4 14. hxg4 Bxg4 15. dxe5 dxe5 16. Bxe7 Qxe7 17. Qd3 Rg8 18. Nh2 Nf4 19. Qe3 Bh3 20. g3 Ng2 21. Qxh6 Nxe1 22. Qxh3 Nxc2 23. Rd1 Nd4 24. Kf1 Rd8 25. f4 Nc2 26. Re1 Nxe1 0-1

[Event "MNT-chT"]
[Site "Ulcinj"]
[Date "2014.09.26"]
[Round "7.6"]
[White "Draskovic, Davor"]
[Black "Blagojevic, Tijana"]
[Result "0-1"]
[WhiteElo "1902"]
[BlackElo "2079"]
[PlyCount "116"]
[EventDate "2014.09.20"]
[EventType "team-tourn"]
[EventRounds "9"]
[EventCountry "MNE"]
[SourceTitle "CBM 162 Extra"]
[Source "ChessBase"]
[SourceDate "2014.10.17"]
[SourceVersion "1"]
[SourceVersionDate "2014.10.17"]
[SourceQuality "1"]
[WhiteTeam "Rumija"]
[BlackTeam "Niksic"]
[WhiteTeamCountry "MNE"]
[BlackTeamCountry "MNE"]

1. d4 d5 2. c4 c6 3. Nf3 Nf6 4. Nc3 e6 5. Bg5 Nbd7 6. e3 Qa5 7. Nd2 dxc4 8. Bxf6 Nxf6 9. Nxc4 Qc7 10. Rc1 Be7 11. g3 Nd5 12. Bg2 0-0 13. 0-0 Rd8 14. Ne4 Bd7 15. a3 Be8 16. b4 Nb6 17. Ne5 a5 18. Qb3 axb4 19. axb4 Nd5 20. Nd3 Qb6 21. Nec5 Qb5 22. Nf4 b6 23. Ncxe6 fxe6 24. Nxe6 Qxb4 25. Qxb4 Bxb4 26. Nxd8 Rxd8 27. Ra1 Ba5 28. Rfc1 Kf8 29. e4 Nc3 30. Rc2 Nb5 31. d5 cxd5 32. exd5 Bf7 33. Re1 Nd6 34. Ra1 Rd7 35. Bh3 Rd8 36. Bg2 Nb5 37. Rac1 Rd7 38. h4 Bxd5 39. Bh3 Re7 40. Bf1 Nd4 41. Rc8+ Kf7 42. R8c7 Nf3+ 43. Kg2 Nxh4+ 44. Kh3 Ng6 45. Bc4 Bxc4 46. R7xc4 Ne5 47. Rf4+ Ke8 48. Rd4 Nd7 49. Rc8+ Kf7 50. Ra8 Bc3 51. Rd3 Bb4 52. Rf3+ Nf6 53. Rd3 Bc5 54. Kg2 Re2 55. Rf3 Kg6 56. Ra4 h5 57. Ra6 Ng4 58. Rc3 Rxf2+ 0-1